| 000 | 00656nas a22002057a 4500 | ||
|---|---|---|---|
| 003 | AM-YEHGA | ||
| 005 | 20260120135511.0 | ||
| 008 | 251104c1994 ci ||||| |||| 00| srp d | ||
| 022 | _a0354-7329 | ||
| 040 | _aAM-YEHGA | ||
| 041 | 0 | _asrp | |
| 245 | 0 | 0 |
_aСвитак : _bКњижевне новине / _cОдг. уред. Милијан Деспотовић. |
| 260 |
_aПожега : _bИзд. радионица Свитак при КД Развигор, _c1994- |
||
| 300 | _anumber | ||
| 310 | _aquarterly | ||
| 650 | 1 | 4 |
_aSerbian literature _vJournals |
| 700 | 1 |
_aДеспотовић, Милијан _eedt |
|
| 942 |
_2udc _cCR |
||
| 001 | 2038789 | ||
| 999 |
_c539566 _d539566 |
||